00295nam a2200109Ia 4500008004100000041001200041082002100053100002100074245004400095260003800139300000800177231217s9999 xx 000 0 und d aEnglish a891.73 ATA;1 R aAtarov, Nikolai. 0aAnthology of Soviet short stories Vol.1 c1976bProgress PublishersaMoscow a425